000
00321nam a2200121Ia 4500
008
220217s9999||||xx |||||||||||||| ||und||
082
_a
510 PEA
100
_a
Pearson education asia
245
0
_a
Capability maturity modle
260
_a
Pearson education asia
_b
Delhi
_c
2002
300
_b
295
650
_a
MATHEMATICS
999
_c
170712
_d
170712